Normal view
MARC view
Entry Personal Name
001 - CONTROL NUMBER
- control field: 3205
003 - CONTROL NUMBER IDENTIFIER
- control field: OSt
005 - DATE AND TIME OF LATEST TRANSACTION
- control field: 20230524192614.0
008 - FIXED-LENGTH DATA ELEMENTS
- fixed length control field: 230524|| aca||aabn | a|a d
040 ## - CATALOGING SOURCE
- Original cataloging agency: OSt
- Transcribing agency: OSt
100 ## - HEADING--PERSONAL NAME
- Personal name: Reuben Ray
670 ## - SOURCE DATA FOUND
- Source citation: Work cat.: (OSt)5277: Reuben Ray, Communication Today, 2004
